=LDR 00000nam 2200000 4500 =001 NUTBA000000000005725 =005 20221114082208 =035 ##$$a 0010-111400000000204 =008 221114###########################0###### =020 ##$$a 978-979-26-7197-1 =040 ##$$a NBPDMAT =082 ##$$a 500 =090 ##$$a 500 $b Kis k =245 ##$$a Aku bertanya sains menjawab : $b Cuaca dan iklim seri 9, TIm anak saleh pratama /$c 2008 =260 ##$$a Jakarta :$b Anak Saleh Pratama,$c 2008 =300 ##$$a 42 hlm. : $b ilus. ; $c 29 cm. =650 #4$$a Sains =990 ##$$a 21413547 =990 ##$$a 21413548 =990 ##$$a 21413549 =990 ##$$a 21413550 =990 ##$$a 0001/BPAP-NTB/20142014 =990 ##$$a 0001/BPAP-NTB/20142015